| 000 | 01182pab a2200193 454500 | ||
|---|---|---|---|
| 008 | 180718b1997 xxu||||| |||| 00| 0 eng d | ||
| 100 | _aHart, David Kirkwood | ||
| 245 | _aWhy the Gore report will probably fail | ||
| 260 | _c1997 | ||
| 300 | _ap.183-220 | ||
| 362 | _aJan | ||
| 520 | _aThe Gore Report on Reinventing Government summarizes the findings of the National Performance Review Board. It is a well-intentioned endeavor, containing many perceptive insights and solutions. Unfortunately, the NPR failed to consider a number of fundamental problems, which will probably cause the reform effort to fail. Foremost among the problems are the neglect of "the public interest," reform by command rather than by persuasion, the trivialization of the "public" service, the devaluation of citizenship and the cynicism of frustrated expectations. This article discusses some of the implications of those problems. - Reproduced | ||
| 650 | _aPublic administration - United States | ||
| 650 | _aAdministrative reform - United States | ||
| 650 | _aAdministrative reform | ||
| 700 | _aHart, David W. | ||
| 773 | _aInternational Journal of Public Administration | ||
| 909 | _a34288 | ||
| 999 |
_c34288 _d34288 |
||